Defining local economies beyond their boundaries (Record no. 521633)

000 -LEADER
fixed length control field 01664nam a22001577a 4500
008 - FIXED-LENGTH DATA ELEMENTS--GENERAL INFORMATION
fixed length control field 230217b ||||| |||| 00| 0 eng d
100 ## - MAIN ENTRY--PERSONAL NAME
Personal name Salder, Jacob
245 ## - TITLE STATEMENT
Title Defining local economies beyond their boundaries
260 ## - PUBLICATION, DISTRIBUTION, ETC. (IMPRINT)
Place of publication, distribution, etc Local Government Studies
300 ## - PHYSICAL DESCRIPTION
Extent 48(4), Aug, 2022: p.579-603
520 ## - SUMMARY, ETC.
Summary, etc Local economy is conventionally defined through political administrative units. The continuity of this approach has been challenged as more networked forms of economy have evolved. In response, local economies are increasingly reconfigured around city-regions, on presumption of linking network potential with local dynamics. Such challenges present several problems for practitioners in local economic governance. This paper examines the continuity between city-regional articulations of local economy units (LEU) and localised dynamics. Using lower-tier localities in Staffordshire, UK, reconfigured into the Greater Birmingham & Solihull city-region, it uses a location quotient to examine industrial concentration as a determinant of related variety. It extrapolates these concentrations to define LEUs and examine their continuity with formal political designation. It argues growing dependence on the city-region is a partial representation which ignores industry-based approaches and the need for plurality in defining local economies. Adopting such approaches may be of value to local government policy practitioners. – Reproduced
650 ## - SUBJECT ADDED ENTRY--TOPICAL TERM
Topical term or geographic name as entry element Local economy, Sub-national governance, Network , Related variety-smart specialisation
9 (RLIN) 35637
773 ## - HOST ITEM ENTRY
Main entry heading Local Government Studies
906 ## - LOCAL DATA ELEMENT F, LDF (RLIN)
Subject DIP LOCAL GOVERNMENT
942 ## - ADDED ENTRY ELEMENTS (KOHA)
Item type Articles
Holdings
Withdrawn status Lost status Source of classification or shelving scheme Damaged status Not for loan Permanent location Current location Date acquired Serial Enumeration / chronology Barcode Date last seen Koha item type
          Indian Institute of Public Administration Indian Institute of Public Administration 2023-02-17 48(4), Aug, 2022: p.579-603 AR128017 2023-02-17 Articles

Powered by Koha